K obsahu a významu termínu "sociální".
Časté používanie termínov: sociálny - socialistický - spravodlivý ako synoným. Dva významy privlastku "sociálny". Vysvetlenie pojmov sociálna politika a sociálne trhové hospodárstvo. Definovanie sociálno-trhového hospodárstva ako ekonomického systému, ktorý spája ekonomickú slobodu so sociálnou isto...
Salvato in:
| Autore principale: | |
|---|---|
| Altri autori: | |
| Natura: | Capitolo di libro |
| Lingua: | ceco |
| Soggetti: | |
| Tags: |
Nessun Tag, puoi essere il primo ad aggiungerne!!
|
MARC
| LEADER | 00000naa a2200000 4500 | ||
|---|---|---|---|
| 001 | r009356 | ||
| 005 | 20220831090517.9 | ||
| 041 | 0 | |a cze | |
| 044 | |a [CS] | ||
| 245 | 1 | 0 | |a K obsahu a významu termínu "sociální". |c Miroslav Farský, J. Zahálka |
| 520 | |a Časté používanie termínov: sociálny - socialistický - spravodlivý ako synoným. Dva významy privlastku "sociálny". Vysvetlenie pojmov sociálna politika a sociálne trhové hospodárstvo. Definovanie sociálno-trhového hospodárstva ako ekonomického systému, ktorý spája ekonomickú slobodu so sociálnou istotou a spravodlivosťou. Antropocentrická orientácia tohto systému, založeného na princípe osobnosti a solidarity a na princípe subsidiarity. | ||
| 610 | 2 | 0 | |a politika sociálna |
| 610 | 2 | 0 | |a pojmy |
| 610 | 2 | 0 | |a hospodárstvo trhové |
| 610 | 2 | 0 | |a riadenie sociálne |
| 610 | 2 | 0 | |a programy sociálne |
| 100 | 1 | |a Farský, Miroslav | |
| 700 | 1 | |a Zahálka, J. | |